| 000 | 00710nam a2200241 i 4500 | ||
|---|---|---|---|
| 001 | 133627 | ||
| 003 | ES-MaACL | ||
| 005 | 20230906194457.0 | ||
| 007 | t| | ||
| 008 | 070822s1982 sp ||||1| spa d | ||
| 020 | _a84-85741-13-7 | ||
| 100 | 1 |
_aWood, Robin. _9117319 |
|
| 245 | 1 | 0 |
_aHoward Hawks / _cRobin Wood ; [traducción Antonio Weinrichter]. |
| 260 |
_aMadrid : _bEdiciones JC, _c[1982] |
||
| 300 |
_a237 p. : _bil. ; _c19 cm. |
||
| 490 | 1 |
_aDirectores de cine ; _v9 |
|
| 504 | _aBibliografía: p. 215-237. | ||
| 600 | 1 | 4 |
_aHawks, Howard. _962171 |
| 700 | 1 |
_aWeinrichter, Antonio. _9116370 |
|
| 830 | 1 |
_aDirectores de cine ; _v9 _9181872 |
|
| 852 |
_aES-MaACL _jL-6612 |
||
| 999 |
_c133627 _d133627 |
||